Správna dohoda medzi Ministerstvom práce, sociálnych vecí a rodiny SR a MPSV ČR k Zmluve medzi SR a ČR o vzájomnom zamestnávaní občanov.
Plné znenie Správnej dohody medzi MPSV ČR a MPSVR SR k Zmluve o vzájomnom zamestnávaní občanov.
Saved in:
| Format: | Book Chapter |
|---|---|
| Language: | Slovak |
| Subjects: | |
| Tags: |
No Tags, Be the first to tag this record!
|
MARC
| LEADER | 00000naa a2200000 4500 | ||
|---|---|---|---|
| 001 | r013274 | ||
| 005 | 20221213123153.0 | ||
| 041 | 0 | |a slo | |
| 044 | |a SK | ||
| 245 | 1 | 0 | |a Správna dohoda medzi Ministerstvom práce, sociálnych vecí a rodiny SR a MPSV ČR k Zmluve medzi SR a ČR o vzájomnom zamestnávaní občanov. |
| 520 | |a Plné znenie Správnej dohody medzi MPSV ČR a MPSVR SR k Zmluve o vzájomnom zamestnávaní občanov. | ||
| 610 | 2 | 0 | |a pracovníci zahraniční |
| 610 | 2 | 0 | |a Čechy |
| 610 | 2 | 0 | |a Slovensko |
| 610 | 2 | 0 | |a zmluvy medzinárodné |
| 610 | 2 | 0 | |a 1993 |